000
00259nam a2200121Ia 4500
003
IN-BaIIA
008
211028s9999 xx 000 0 eng d
040
_c
IIA Library
080
_a
-3
_b
HIN
245
0
_a
Hindi Nirdeshika
650
_a
Hindi
_9
4155
942
_c
BK
999
_c
2321
_d
2321